Normal view
MARC view
Entry Personal Name
001 - CONTROL NUMBER
- control field: 2970
003 - CONTROL NUMBER IDENTIFIER
- control field: OSt
005 - DATE AND TIME OF LATEST TRANSACTION
- control field: 20211028141456.0
008 - FIXED-LENGTH DATA ELEMENTS
- fixed length control field: 211028|| aca||aabn | a|a d
040 ## - CATALOGING SOURCE
- Original cataloging agency: OSt
- Transcribing agency: OSt
100 ## - HEADING--PERSONAL NAME
- Personal name: Uchil, Gagan Raj V; Kumar, Rakesh.
- Miscellaneous information: 60471420
670 ## - SOURCE DATA FOUND
- Source citation: Work cat.: (OSt): Uchil, Gagan Raj V; Kumar, Rakesh. 60471420, Help desk system., 2009